<?xml version="1.0" encoding="UTF-8"?><?xml-stylesheet type="text/xsl" href="static/style.xsl"?><OAI-PMH xmlns="http://www.openarchives.org/OAI/2.0/" xmlns:xsi="http://www.w3.org/2001/XMLSchema-instance" xsi:schemaLocation="http://www.openarchives.org/OAI/2.0/ http://www.openarchives.org/OAI/2.0/OAI-PMH.xsd"><responseDate>2026-06-29T03:13:16Z</responseDate><request verb="GetRecord" identifier="oai:docta.ucm.es:20.500.14352/4920" metadataPrefix="marc">https://docta.ucm.es/rest/oai/request</request><GetRecord><record><header><identifier>oai:docta.ucm.es:20.500.14352/4920</identifier><datestamp>2024-06-18T13:29:10Z</datestamp><setSpec>com_20.500.14352_14</setSpec><setSpec>col_20.500.14352_15</setSpec></header><metadata><record xmlns="http://www.loc.gov/MARC21/slim" xmlns:dcterms="http://purl.org/dc/terms/" xmlns:xsi="http://www.w3.org/2001/XMLSchema-instance" xmlns:doc="http://www.lyncode.com/xoai" xsi:schemaLocation="http://www.loc.gov/MARC21/slim http://www.loc.gov/standards/marcxml/schema/MARC21slim.xsd">
   <leader>00925njm 22002777a 4500</leader>
   <datafield ind2=" " ind1=" " tag="042">
      <subfield code="a">dc</subfield>
   </datafield>
   <datafield ind2=" " ind1=" " tag="720">
      <subfield code="a">Crespo Bermejo, Celia</subfield>
      <subfield code="e">author</subfield>
   </datafield>
   <datafield ind2=" " ind1=" " tag="720">
      <subfield code="a">Ramírez de Arellano, Eva</subfield>
      <subfield code="e">author</subfield>
   </datafield>
   <datafield ind2=" " ind1=" " tag="720">
      <subfield code="a">Lara Aguilar, Violeta</subfield>
      <subfield code="e">author</subfield>
   </datafield>
   <datafield ind2=" " ind1=" " tag="720">
      <subfield code="a">Valle Millares, Daniel</subfield>
      <subfield code="e">author</subfield>
   </datafield>
   <datafield ind2=" " ind1=" " tag="720">
      <subfield code="a">Gómez-Lus Centelles, María Luisa</subfield>
      <subfield code="e">author</subfield>
   </datafield>
   <datafield ind2=" " ind1=" " tag="720">
      <subfield code="a">Madrid González, Ricardo</subfield>
      <subfield code="e">author</subfield>
   </datafield>
   <datafield ind2=" " ind1=" " tag="720">
      <subfield code="a">Martín Carbonero, Luz</subfield>
      <subfield code="e">author</subfield>
   </datafield>
   <datafield ind2=" " ind1=" " tag="720">
      <subfield code="a">Briz Sebastián, Verónica</subfield>
      <subfield code="e">author</subfield>
   </datafield>
   <datafield ind2=" " ind1=" " tag="260">
      <subfield code="c">2021-12-07</subfield>
   </datafield>
   <datafield ind2=" " ind1=" " tag="520">
      <subfield code="a">Antiretroviral therapy (ART) allows suppressed viremia to reach less than 50 copies/mL in most treated persons living with HIV (PLWH). However, the existence of PLWH that show events of persistent low-level viremia (pLLV) between 50 and 1000 copies/mL and with different virological consequences have been observed. PLLV has been associated with higher virological failure (VF), viral genotype resistance, adherence difficulties and AIDS events. Moreover, some reports show that pLLV status can lead to residual immune activation and inflammation, with an increased risk of immunovirological failure and a pro-inflammatory cytokine level which can lead to a higher occurrence of non-AIDS defining events (NADEs) and other adverse clinical outcomes. Until now, however, published data have shown controversial results that hinder understanding of the true cause(s) and origin(s) of this phenomenon. Molecular mechanisms related to viral reservoir size and clonal expansion have been suggested as the possible origin of pLLV. This review aims to assess recent findings to provide a global view of the role of pLLV in PLWH and the impact this status may cause on the clinical progression of these patients.</subfield>
   </datafield>
   <datafield ind1="8" ind2=" " tag="024">
      <subfield code="a">Crespo-Bermejo, Celia, et al. «Persistent Low-Level Viremia in Persons Living with HIV Undertreatment: An Unresolved Status». Virulence, vol. 12, n.o 1, diciembre de 2021, pp. 2919-31. DOI.org (Crossref), https://doi.org/10.1080/21505594.2021.2004743.</subfield>
   </datafield>
   <datafield ind1="8" ind2=" " tag="024">
      <subfield code="a">2150-5594, Electronic: 2150-5608</subfield>
   </datafield>
   <datafield ind1="8" ind2=" " tag="024">
      <subfield code="a">10.1080/21505594.2021.2004743</subfield>
   </datafield>
   <datafield ind1="8" ind2=" " tag="024">
      <subfield code="a">https://hdl.handle.net/20.500.14352/4920</subfield>
   </datafield>
   <datafield ind1="8" ind2=" " tag="024">
      <subfield code="a">https://doi.org/10.1080/21505594.2021.2004743</subfield>
   </datafield>
   <datafield ind1="8" ind2=" " tag="024">
      <subfield code="a">https://www.tandfonline.com/doi/full/10.1080/21505594.2021.2004743</subfield>
   </datafield>
   <datafield ind2="0" ind1="0" tag="245">
      <subfield code="a">Persistent low-Level viremia in persons living with HIV undertreatment: an unresolved status</subfield>
   </datafield>
</record></metadata></record></GetRecord></OAI-PMH>